| 000 | 00907nam a22001815i 4500 | ||
|---|---|---|---|
| 001 | 168258 | ||
| 003 | ES-MaACL | ||
| 005 | 20230906213730.0 | ||
| 008 | 020307s1872 sp |||| | spa d | ||
| 040 |
_aCAM _bspa _cCAM |
||
| 100 | 1 |
_aZumel, Enrique. _9118492 |
|
| 245 | 1 | 4 |
_aLos locos de Leganés _b: juguete cómico en un acto y en verso / _coriginal de Enrique Zumel. |
| 260 |
_aMadrid : _b[s.n.], _c1872 ( _fImprenta de José Rodriguez) |
||
| 300 |
_a31 p. ; _c20 cm. |
||
| 500 | 1 | _aEn port.: Representado por primera vez en el teatro Martin, el 9 de noviembre de 1872. | |
| 596 | _aEn verso de port. consta: "... de la Galería Dramática y Lírica de Alonso Gullon ..." | ||
| 852 |
_aES-MaACL _jF-8571(8) _z-- Enc. pasta española, falto de la enc. original _z-- Firma en la port. de Santiago Mulgosa _z-- Enc. en un vol. facticio formando parte de la col. facticia "Teatro español moderno", vol. 24 |
||
| 999 |
_c168258 _d168258 |
||